000 00598nam a22001937a 4500
008 151119b xxu||||| |||| 00| 0 eng d
020 _a0205417922
041 0 _aeng
080 _a159.923
100 1 _aBeebe, Steven A.,
245 1 0 _aInterpersonal communication :
_cSteven A. Beebe, Susan J. Beebe, Mark V. Redmond.
250 _a4th ed.
260 _aBoston, MA :
_bPearson/Allyn and Bacon,
_cc2005.
300 _axxviii, 419 f. :
_bme il.;
_c26 cm.
650 0 _aKomunikimi ndërpersonal
700 1 _aBeebe, Susan J.
700 1 _aRedmond, Mark V.,
942 _2udc
_cBK
999 _c1373
_d1373